Stredné hodnoty finančných ukazovateľov ekonomických činností v Slovenskej republike za rok 2016

Gespeichert in:
Bibliographische Detailangaben
Format: Buch
Sprache:Slowakisch
Veröffentlicht: Bratislava CRIF - Slovak Credit Bureau 2017
Schlagworte:
Tags: Tag hinzufügen
Keine Tags, Fügen Sie das erste Tag hinzu!

MARC

LEADER 00000nam a2200000 4500
001 0262002
005 20240318125929.2
020 |a 978-80-971109-5-6 
041 0 |a slo 
044 |a SK 
245 1 0 |a Stredné hodnoty finančných ukazovateľov ekonomických činností v Slovenskej republike za rok 2016 
264 1 |a Bratislava  |b CRIF - Slovak Credit Bureau  |c 2017 
300 |a 387 s. 
610 2 0 |a ukazovatele finančné 
610 2 0 |a činnosť hospodárska 
610 2 0 |a analýza finančná 
610 2 0 |a odvetvia činnosti ekonomickej 
610 2 0 |a subjekt 
610 2 0 |a klasifikácia 
610 2 0 |a Slovensko